000 00542nam a2200169 a 4500
005 20240919064651.0
008 991125s1991 ag 000 0 spa u
035 _aUPN01000005445
049 _aCG
050 4 _aLA548
_bA7.2
110 1 _aArgentina.
_bMinisterio de Cultura y Educación
_928741
245 1 0 _aBases para la transformación educativa /
_cMinisterio de Cultura y Educación.
260 _aBuenos Aires :
_bMinisterio de Cultura y Educación,
_c1991.
300 _a127 p.
650 4 _aEducación
_zArgentina
_97731
905 _aLibro
999 _c5445
_d5445